| 000 | 01418nam0a2200301 4500 | ||
|---|---|---|---|
| 001 | RU\NLR\BIBL_A\011428500 | ||
| 005 | 20260406125048.0 | ||
| 035 | _a(NLR Aleph) 011428500 | ||
| 090 |
_a11640570 _c11640570 |
||
| 100 | _a20170629d1978 |||y0rusy50 ca | ||
| 101 | 1 |
_arus _ceng |
|
| 102 | _aRU | ||
| 105 | _aac||z|||000ay | ||
| 200 | 1 |
_aПеснь о Гайавате _eпоэма _e[для среднего и старшего возраста] _fГенри Лонгфелло _gпер. с англ. И.А. Бунина _g[ил. Ф. Ремингтона и К. Овчинникова] |
|
| 210 |
_aЛ. _cДет. лит. _d1978 |
||
| 215 |
_a287 с. _cил., цв. ил., портр. _d17 |
||
| 686 | 0 | _aШ9(7США)62-4 | |
| 700 | 1 |
_7ca _8rus _aЛонгфелло _bГ. У. _f1807-1882 _gГенри Уодсуорт _3RU\NLR\AUTH\7780212 _963140 |
|
| 702 | 1 |
_4730 _8rus _7ca _aБунин _bИ. А. _f1870-1953 _gИван Алексеевич _3RU\NLR\AUTH\771321 _9111348 |
|
| 702 | 1 |
_aРемингтон _bФ. _gФредерик _4440 |
|
| 702 | 1 |
_4440 _7ca _8rus _aОвчинников _bК. В. _cхудожник _f1933-2009 _gКирилл Владимирович _9179445 _3RU\NLR\AUTH\770179496 |
|
| 852 |
_aNLR _j98-2/1912 |
||
| 942 | _cBOOK | ||
| 980 | _aNB | ||